English town & city name puzzle (2) - Statistics

General Stats
  • This quiz has been taken 85 times
  • The average score is 10 of 18
Answer Stats
Hint Answer % Correct
Ox ford
85%
Le eds
83%
Glou cester
82%
Chester field
82%
Bol ton
75%
Peter borough
73%
Win chester
72%
Stock port
62%
Burton upon Trent
62%
Bur nley
60%
Wallase y
53%
Sitting bourne
40%
Middles brough
38%
Man sfield
27%
Stoke Newington
22%
Col ne
17%
Bed worth
17%
East leigh
13%
No matching quizzes found
Score Distribution
Percent of People with Each Score
Percentile by Number Answered
Your Score History
You have not taken this quiz